000 00334nam a2200145 i 4500
001 bg
100 1 _aBUDZISZ, Feliks
245 0 _aRusskij jazik dlja chimikov /
_cFeliks Budzisz.
260 _aGdaƄsk,
_c1978.
040 _cBPK
041 _apol
080 _a808.2:54
942 _cKS
008 s pl f |000 0 pol
999 _c18444
_d18444
856 _uhttp://koha.tu.koszalin.pl/cgi-bin/koha/opac-detail.pl?biblionumber=18444
_yKatalog online BPK